| 000 | 00575nam a22001697a 4500 | ||
|---|---|---|---|
| 999 |
_c14936 _d14936 |
||
| 003 | AR-CdUCM | ||
| 008 | 190425b ||||| |||| 00| 0 spa d | ||
| 040 |
_aMUNICIPALIDAD PROVINCIAL DEL CUSCO _cBIBLIOTECA MUNICIPAL DEL CUSCO |
||
| 082 |
_aC / 051 / _bK86 |
||
| 245 |
_aKosko : _brevista libre / |
||
| 260 |
_aCusco : _bTrabajo, _c1925. |
||
| 300 |
_a24 páginas ; _c27 cm. |
||
| 440 |
_aKosko _n42 - 43 _933916 |
||
| 505 | _aLa puerta -- Nueva orientación del problema racial en el Perú -- El pais de lata máxima -- Hojas de otoño... | ||
| 942 |
_2ddc _cPP |
||
| 945 | _awfj | ||